Az óceán, Hollywood, Disneyland - és ami mögötte van... "Akklimatizációs" emlékidézés a Szeged SC vb-bronzérmes pólósaival /

Elmentve itt :
Bibliográfiai részletek
Szerzők: Réthi J. Attila
Nagy László
Dokumentumtípus: Cikk
Megjelent: 1991-09-20
Sorozat:Délmagyarország 81 No. 221
Kulcsszavak:Fodor Rajmund, Szabó Zoltán, Török Tibor, vízilabda
Online Access:http://dmarchiv.bibl.u-szeged.hu/93793
LEADER 00677nab a2200181 i 4500
001 delm93793
005 20190927133247.0
008 190927s1991 hu o 0|| hun d
040 |a SZTE Délmagyarország Archívum  |b hun 
041 |a hun 
100 3 |a Réthi J. Attila  
245 1 3 |a Az óceán, Hollywood, Disneyland - és ami mögötte van...   |h [elektronikus dokumentum] :  |b "Akklimatizációs" emlékidézés a Szeged SC vb-bronzérmes pólósaival /  |c  Réthi J. Attila  
260 |c 1991-09-20 
300 |a 6 
490 0 |a Délmagyarország  |v 81 No. 221 
695 |a Fodor Rajmund, Szabó Zoltán, Török Tibor, vízilabda 
700 0 1 |a Nagy László  |e aut 
700 0 1 |a Nagy László  |e aut